| 000 | 00545cam a22001814a 4500 | ||
|---|---|---|---|
| 020 | _a9782845868045 | ||
| 040 | _cDLC | ||
| 082 | _a363 EDI 2007 A078 Or. | ||
| 245 | 0 | 0 |
_aLait et produits laitiers en Méditerranée : _bdes filières en pleine restructuration / |
| 260 |
_aParis : _bÉditions Karthala, _cc2007. |
||
| 300 |
_a377 p. : _bill. ; _c24 cm. |
||
| 490 | 0 | _aÉconomie et développement | |
| 650 | 0 | _aDairy products industry | |
| 700 | 1 | _aHassaïnya, Jemaïel. | |
| 700 | 1 | _aPadilla, Martine. | |
| 700 | 1 | _aTozanli, S. | |
| 942 | _cEK | ||
| 999 |
_c15872 _d15872 |
||